| 000 | 01466nam0a2200349 4500 | ||
|---|---|---|---|
| 001 | RU\NLR\bibl\966011 | ||
| 005 | 20260405075159.0 | ||
| 010 |
_a5-486-00579-2 _bВ пер. _912500 |
||
| 021 |
_aRU _b2006-28726 _91430 |
||
| 035 | _a(nilc)RSL-KNO-002887956 | ||
| 035 | _a(NLR Aleph) 000954011 | ||
| 090 |
_a297677 _c297677 |
||
| 100 | _a20060519d2006 |||y0rusy50 ca | ||
| 101 | 1 |
_arus _cund |
|
| 102 | _aRU | ||
| 105 | _aa ||||||||| | ||
| 106 | _ar | ||
| 200 | 1 |
_aВоздушная живопись _e[осн. методы и приемы _fпер.: Яковлева Н.К.] |
|
| 210 |
_aМосква _cМир кн. _d2006 _eЯрославль _gЯрославский полиграфкомбинат |
||
| 215 |
_a94, [1] с. _cил., цв. ил. _d27 |
||
| 225 | 1 | _aШкола рисования | |
| 606 | 1 |
_aЖивопись _jРуководства, пособия и т.п. _xТехника _91069934 _3RU\NLR\auth\66416497 |
|
| 610 | 0 | _aИскусство. Искусствознание -- Живопись -- Виды живописи -- Аэрография -- Практическое руководство | |
| 686 |
_aЩ145.9аэрография,07 _2rubbk |
||
| 686 | _aЩ140.80я7 | ||
| 702 | 1 |
_4730 _8rus _7ca _aЯковлева _bН. К. _cпереводчик _3RU\NLR\AUTH\7726800 _99838 |
|
| 801 | 0 |
_aRU _bРКП _c20060519 _grcr |
|
| 801 | 1 |
_aRU _bРГБ _c20060519 |
|
| 801 | 2 |
_aRU _bNLR _c20060707 _grcr |
|
| 942 | _cBOOK | ||
| 980 | _aNB | ||